000 00583nam a2200181Ia 4500
008 090124s9999 xx 000 0 und d
082 _b4649
_a323
100 _aटिपनीस यशवंत नारायण
245 _a स्वस्तिक बॅक
250 _a1
260 _c1932
300 _a4+52
600 _aटिपनीस यशवंत नारायण
630 _a स्वस्तिक बॅक
700 _aटिपनीस यशवंत नारायण
730 _a स्वस्तिक बॅक
942 _cBOOK
999 _c118590
_d118590